[Event "Pic d'Anie op 3rd"]
[Site "Pic d'Anie"]
[Date "2006.08.12"]
[Round "7"]
[White "Poey Durut, Bixente"]
[Black "Gil, Jean Jacques"]
[Result "0-1"]
[WhiteElo "1540"]
[BlackElo "1580"]
[PlyCount "53"]
[EventDate "2006.08.07"]
[EventType "swiss"]
[EventRounds "7"]
[EventCountry "FRA"]
[SourceTitle "CBM 113 Extra"]
[Source "ChessBase"]
[SourceDate "2006.09.14"]
[SourceVersion "1"]
[SourceVersionDate "2006.09.14"]
[SourceQuality "1"]

1. e4 e6 2. d4 a6 3. c3 b5 4. Nf3 Bb7 5. Bd3 Nf6 6. e5 Nd5 7. 0-0 c5 8. Na3 Be7 9. Nc2 d6 10. Be3 Nd7 11. Re1 Qc7 12. Bd2 h6 13. Rb1 g5 14. h3 0-0-0 15. b4 c4 16. Be4 f5 17. Bxd5 Bxd5 18. Rb2 g4 19. Nh2 gxh3 20. gxh3 Rdg8+ 21. Kf1 Bg2+ 22. Ke2 Qb7 23. Be3 Bg5 24. Bxg5 hxg5 25. Kd2 Rxh3 26. Nf1 Rd3+ 27. Kc1 0-1